Vruthamanjari/ (Record no. 170692)

000 -LEADER
fixed length control field 00392nam a22001451a 4500
082 ## - DEWEY DECIMAL CLASSIFICATION NUMBER
Classification number M 494.8125
Item number RAJ/V
100 ## - MAIN ENTRY--PERSONAL NAME
Personal name Rajaraja Varma A R
245 ## - TITLE STATEMENT
Title Vruthamanjari/
Statement of responsibility, etc. by Rajaraja Varma A R.
260 ## - PUBLICATION, DISTRIBUTION, ETC.
Place of publication, distribution, etc. Kottayam:
Name of publisher, distributor, etc. Sahitya Pravartaka Co-operative Society,
Date of publication, distribution, etc. 2009.
300 ## - PHYSICAL DESCRIPTION
Extent 108p.
650 ## - SUBJECT ADDED ENTRY--TOPICAL TERM
Topical term or geographic name entry element Grammar Malayalam
650 ## - SUBJECT ADDED ENTRY--TOPICAL TERM
Topical term or geographic name entry element Language Malayalam
650 ## - SUBJECT ADDED ENTRY--TOPICAL TERM
Topical term or geographic name entry element Language
942 ## - ADDED ENTRY ELEMENTS (KOHA)
Koha item type Book
Holdings
Withdrawn status Lost status Damaged status Not for loan Permanent Location Current Location Shelving location Date acquired Cost, normal purchase price Total Checkouts Full call number Barcode Date last seen Price effective from Koha item type
        RC Thiruvananthapuram RC Thiruvananthapuram   04.12.2018 75.00   M 494.8125 RAJ/V TV007267 04.12.2018 04.12.2018 Book